000
00175 a2200097 4500
020
_a
9780545083485
041
_a
eng
100
_a
Milles, Ellen
245
_a
Bear
942
_c
BK
999
_c
31298
_d
31296